000
00322nam a2200121Ia 4500
008
220204s9999 xx 000 0 und d
082
_a
614.8(035)
_b
KIN
100
_a
King, Ralph W
245
0
_a
Industrial hazard and safety handbook
260
_a
London
_b
Newnes-Butterworths
_c
1979
700
_a
Magid, John
942
_c
BK
999
_c
31970
_d
31970